Systematische Theologie
Guardat en:
| Autor principal: | |
|---|---|
| Format: | Llibre |
| Idioma: | alemany |
| Publicat: |
Gotinga
Vandenhoeck und Ruprecht
1988
|
| Edició: | 1a. ed |
| Matèries: | |
| Etiquetes: |
Afegir etiqueta
Sense etiquetes, Sigues el primer a etiquetar aquest registre!
|
MARC
| LEADER | 00000cam a2200000 a 4500 | ||
|---|---|---|---|
| 001 | UCE8147 | ||
| 003 | CL-VaPUC | ||
| 008 | 150728e19880000gw |||||||||||||||||ger|d | ||
| 020 | |a 3525521847 | ||
| 082 | 0 | 4 | |a 230 |b PAN |2 21 |
| 100 | |a Pannenberg, Wolfhart |e verfasser |9 580528 | ||
| 245 | 1 | 0 | |a Systematische Theologie |
| 250 | |a 1a. ed | ||
| 300 | |a v | ||
| 942 | |c BK | ||
| 945 | |d 20150728 02:04:00 |a dcastane | ||
| 260 | |a Gotinga |b Vandenhoeck und Ruprecht |c 1988 | ||
| 650 | 0 | |a Teología sistemática |9 522913 | |
| 650 | 0 | |a Filosofía cristiana |9 265980 | |
| 583 | |a last modification |c 20150728 02:04:00 |k Rodrigo Vera | ||
| 999 | |c 360097 |d 360095 | ||
| 952 | |0 0 |1 0 |3 erb |4 0 |6 230_000000000000000_PAN_1988 |7 0 |8 A |9 469736 |a BIBTEO |b BIBTEO |e Casale Rolle, Carlos Ignacio, -2014 |h v.1 |i 5184541 |o 230 PAN 1988 |p 5184541 |r 2025-01-17 |w 2019-11-23 |y BK |z Catalogado en:20150728 |k ICR | ||
| 952 | |0 0 |1 0 |3 erb |4 0 |6 230_000000000000000_PAN_1988 |7 0 |8 A |9 469737 |a BIBTEO |b BIBTEO |e Casale Rolle, Carlos Ignacio, -2014 |h v.2 |i 518455K |o 230 PAN 1988 |p 518455K |r 2025-01-17 |w 2019-11-23 |y BK |z Catalogado en:20150728 |k ICR | ||
| 952 | |0 0 |1 0 |3 erb |4 0 |6 230_000000000000000_PAN_1988 |7 0 |8 A |9 469738 |a BIBTEO |b BIBTEO |e Casale Rolle, Carlos Ignacio, -2014 |h v.3 |i 5184568 |o 230 PAN 1988 |p 5184568 |r 2025-01-17 |w 2019-11-23 |y BK |z Catalogado en:20150728 |k ICR | ||